| 000 | 00447nam a22001337a 4500 | ||
|---|---|---|---|
| 008 | 230621b |||||||| |||| 00| 0 eng d | ||
| 040 |
_aNational Science Library _cNational Science Library |
||
| 080 |
_a625.71:389.151(041) _bK3 |
||
| 245 | _aBrochure on the introduction of metric system in the highways department | ||
| 260 |
_aMadras: _bHighways & Rural Works Department, _c1963 |
||
| 300 | _avii, 148p. | ||
| 650 | _aReport | ||
| 942 |
_2udc _cREP |
||
| 999 |
_c45684 _d45684 |
||